000 01000nam a2200229 a 4500
001 000006085
005 20200929151924.0
008 090826s1951 dr 000 0 spa d
040 _aDO-SdBNP
_bspa
_cBNPHU
082 _a344.01
_bR426r
110 1 _aRepública Dominicana.
_9447
240 1 0 _a[Código del trabajo]
245 1 0 _aReglamento No. 7676 para la aplicación del código Trujillo de trabajo.
260 _aCiudad Trujillo, República Dominicana :
_bSecretaría de Estado de Trabajo,
_c1951.
300 _a17 p. ;
_c21 cm.
500 _aExpedito por el poder ejecutivo el día 6 de octubre de 1951 y publicado en la Gaceta Oficial No. 7338, del 15 de octubre de 1951.
650 4 _aDerecho laboral
_xLegislación
_zRepública Dominicana
_97806
650 4 _aLegislación laboral
_zRepública Dominicana
_911733
650 4 _aLeyes
_zRepública Dominicana
_93033
710 1 _aRepública Dominicana.
_bSecretaría de Estado del Trabajo
_916445
910 _aValidado. Control de calidad MMOLINA
999 _c5881
_d5881